[Event "Berlin-ch Seniors op 28th"]
[Site "Berlin"]
[Date "2012.01.27"]
[Round "1.6"]
[White "Kujawa, Werner"]
[Black "Burger, Heinrich"]
[Result "0-1"]
[WhiteElo "1637"]
[BlackElo "2037"]
[PlyCount "113"]
[EventDate "2012.01.27"]
[EventType "swiss"]
[EventRounds "9"]
[EventCountry "GER"]
[SourceTitle "EXT 2022"]
[Source "ChessBase"]
[SourceDate "2021.10.06"]
[SourceVersion "1"]
[SourceVersionDate "2021.10.06"]
[SourceQuality "1"]

1. d4 Nf6 2. c4 e6 3. Nc3 Bb4 4. a3 Bxc3+ 5. bxc3 b6 6. f3 d5 7. cxd5 exd5 8. e3 0-0 9. Bd3 Re8 10. Ne2 c5 11. 0-0 Ba6 12. Bxa6 Nxa6 13. Qd3 Nb8 14. Ng3 Nc6 15. Bd2 Qd6 16. a4 Rad8 17. Rae1 g6 18. Bc1 h5 19. Ba3 h4 20. Nh1 Qc7 21. dxc5 bxc5 22. Bxc5 Ne5 23. Qd4 Nfd7 24. Ba3 Qc4 25. Qxc4 Nxc4 26. Bc1 Nc5 27. e4 Nd3 28. Rd1 Nxc1 29. Rxc1 dxe4 30. fxe4 Rxe4 31. Nf2 Re2 32. Rfe1 Rdd2 33. Rxe2 Rxe2 34. Kf1 Ra2 35. Re1 Rxa4 36. Re8+ Kg7 37. Ke2 Ra2+ 38. Kf3 Rc2 39. Nd1 Rd2 40. Nf2 Rd7 41. Rc8 Nd6 42. Ra8 f5 43. g4 Rc7 44. gxf5 gxf5 45. Kf4 Kf6 46. Rf8+ Nf7 47. Nd1 Rc4+ 48. Ke3 a5 49. Kd3 Ra4 50. c4 Ke7 51. Rc8 Ra2 52. Ne3 Nd6 53. Nd5+ Ke6 54. Rc7 Ne4 55. Ra7 a4 56. Nb6 Rxh2 57. Rxa4 0-1